[Event "Porto San Giorgio op 12th"]
[Site "Porto San Giorgio"]
[Date "2000.08.24"]
[Round "5"]
[White "Isonzo, Davide"]
[Black "Zlochevskij, Alexander"]
[Result "1/2-1/2"]
[WhiteElo "2250"]
[BlackElo "2450"]
[PlyCount "28"]
[EventDate "2000.08.20"]
[EventType "swiss"]
[EventRounds "9"]
[EventCountry "ITA"]
[SourceTitle "EXT 2001"]
[Source "ChessBase"]
[SourceDate "2000.11.22"]
[SourceVersion "1"]
[SourceVersionDate "2000.11.22"]
[SourceQuality "1"]

1. e4 d5 2. exd5 Nf6 3. d4 Nxd5 4. Nf3 Bg4 5. c4 Nb6 6. c5 N6d7 7. Bc4 e6 8. h3 Bh5 9. Nc3 Be7 10. Be3 Nc6 11. Qe2 Na5 12. g4 Nxc4 13. Qxc4 Bg6 14. 0-0-0 c6 1/2-1/2